000 00699nam a2200265Ia 4500
003 OSt
005 20220924122351.0
006 a|||||r|||| 00| 0
007 ta
008 220923b |||||||| |||| 00| 0 urd d
020 _c40
024 _a322178
037 _cTextual
040 _aARTS
_cARTS
_burd
041 _2urd
_aurd
082 _aQ7:(R4), 168M7
100 _aAndaleeb Surayya Au.
_9189261
245 0 _aSirat-e-mustaqeem
260 _aLahore
_bSang-e-meel publications Pakistan
_c1987
300 _a216p.
_ccm.
650 _a ISLAM
_9577
650 _aETHICS
942 _hQ7:(R4), 168M7
_cTEXL
_2CC
999 _c411358
_d411358